01047pab a2200181 454500008004000000100002700040245006100067260000900128300001400137362000800151520050500159650002900664650001000693773003100703909001000734999001700744952010400761180718b2002 xxu||||| |||| 00| 0 eng d aSchachter, Hindy Lauer aWomen, progressive-era reform, and scientific management c2002 ap.563-78. aNov aQuestions have been raised about the relation of Progressive-Era women reformers to scientific management and the efficiency concept associated with it. This article brings evidence from organizations such as the National Consumers League and the Taylor Society to argue that in the Progressive Era female reformers belonged to a community to discourse close to scientific management. Understanding this relationship helps delineate the intellectual foundations of progressive reform. - Reproduced. aScientific organizations aWomen aAdministration and Society a54510 c54510d54510 00104070aIIPAbIIPAd2018-07-19hVolume no: 34, Issue no: 5pAR54955r2018-07-19w2018-07-19yAR